El pensamiento de los Padres de la Iglesia /

Spremljeno u:
Bibliografski detalji
Glavni autor: Garrido Zaragozá, Juan José (autor)
Format: Knjiga
Jezik:španjolski
Izdano: Madrid, España : Akal, 1997, c1997
Serija:(Akal Hipecu ; 16)
Teme:
Oznake: Dodaj oznaku
Bez oznaka, Budi prvi tko označuje ovaj zapis!

MARC

LEADER 00000nam^a2200000^a^4500
001 000399572
005 20250521000000.0
009 20260310121555.903
020 |a 84-460-0727-4 
037 |a Acervo Xavier Clavigero 
041 |a ESP 
082 |a 282. 111  |b GAR 
100 |a Garrido Zaragozá, Juan José  |e (autor) 
245 1 3 |a El pensamiento de los Padres de la Iglesia /  |c J.J. Garrido Zaragozá. 
264 4 |a Madrid, España :  |b Akal,  |c 1997, c1997 
300 |a 94 p. 
336 |a texto  |b txt  |2 rdacontenido 
337 |a sin mediación  |b n  |2 rdamedio 
338 |a volumen  |b nc  |2 rdasoporte 
440 1 |a (Akal Hipecu ;  |v 16) 
521 |a FIL 2017 EEnlace Departamento de Filosofía y Humanidades 
649 |a XX 
650 |a Padres de la Iglesia -  |x Tema Principal 
650 |a Teología Doctrinal 
650 |a Patrística 
650 |a Cristianismo 
650 |a Religión 
650 |a Justino Mártir 
650 |a Félix, Minucio 
650 |a Irineo, de Lyon,  |c Santo 
650 |a Tertuliano 
650 |a Alejandría, Clemente de 
650 |a Basilio, el Grande,  |c Santo 
650 |a Nacianceno, Gregorio,  |c Santo 
650 |a Gregorio, de Nisa,  |c Santo 
650 |a Agustín,  |c Santo 
910 |a Fondo General 
920 |a Impresos - Libros 
930 |a Colección General 
905 |a 101 
901 |a 0500294692  |b IT1  |c ACC  |i c1694  |u 20250521 
902 |a https://opac.biblio.iteso.mx/vufind/Record/000399572